|
|
|
|
| LEADER |
01130nam a2200301 a 4500 |
| 001 |
33864 |
| 003 |
BD-DhAAL |
| 005 |
20211123100351.0 |
| 008 |
181017t2011 nyu||||| |||| 00| 0 eng d |
| 999 |
|
|
|c 40076
|d 40076
|
| 020 |
|
|
|a 9780330524851
|
| 040 |
|
|
|a BD-DhAAL
|
| 082 |
|
|
|a 813.54
|2 23
|
| 100 |
|
|
|a DeLillo, Don
|9 28445
|
| 245 |
|
|
|a White noise /
|c Don DeLillo
|
| 260 |
|
|
|a London :
|b Picador,
|c 2011.
|
| 300 |
|
|
|a 374 pages ;
|c 19 cm.
|
| 500 |
|
|
|a Originally published: New York: Viking, 1984; London: Picador, 1985.
|
| 520 |
|
|
|a A brilliantly black and funny novel about humanity's greatest fear - death.
|
| 526 |
|
|
|a ENH
|
| 541 |
|
|
|a Karim International
|e 33864
|
| 650 |
|
|
|a Industrial accidents
|v Fiction.
|9 28446
|
| 650 |
|
|
|a College teachers
|v Fiction.
|9 28447
|
| 650 |
|
|
|a Middle West
|v Fiction.
|9 28448
|
| 650 |
|
|
|a English literature
|9 42999
|
| 852 |
|
|
|a Ayesha Abed Library
|c General Stacks
|
| 942 |
|
|
|2 ddc
|c BK
|
| 952 |
|
|
|0 0
|1 0
|2 ddc
|4 0
|6 813_540000000000000_DEL
|7 0
|9 64469
|a BRACUL
|b BRACUL
|c GEN
|d 2018-10-15
|e Karim International
|g 918.00
|l 6
|m 20
|o 813.54 DEL
|p 3010033864
|r 2026-05-20
|s 2026-04-08
|t 1
|v 918.00
|w 2018-10-15
|y BK
|